| 000 | 00000nam##2200000za#4500 |
| 001 | 9.625133 |
| 003 | CaOODSP |
| 005 | 20200327182345 |
| 007 | ta |
| 008 | 150406|1999||||xxc||||| f|0| 0 fre|d |
| 040 | |aCaOODSP|bfre |
| 043 | |an-cn--- |
| 086 | 1 |aFs97-6/2281F |
| 110 | 1 |aCanada. |bMinistère des pêches et des océans. |
| 245 | 10|aCommunautés ichtyennes côtières de l'estuaire du Saint-Laurent en 1996 et 1997 : |bsuite du suivi ichtyologique (1986-1995) / |cpar S. Bérubé et J.-D. Lambert. |
| 260 | |aOttawa - Ontario : |bPêches et Océans Canada |c1999. |
| 300 | |aix, 62p. : |bfigures, graphiques, références, tableaux ; |c28 cm. |
| 490 | 1 |aRapport technique canadien des sciences halieutiques et aquatiques|v2281 |
| 500 | |a«Depuis plusieurs années on remarque une baisse importante des captures de plusieurs espèces de poissons dans l'estuaire du Saint-Laurent... Ainsi, dans le cadre du programme d'évaluation de la qualité des habitats marins du plan d'action Saint-Laurent Vision 2000, le ministère des Pêches et des Océans a implanté un réseau de suivi ichtyologique le long des côtes de l'estuaire du Saint-Laurent afin de caractériser l'évolution temporelle de la ressource ichtyenne en milieu côtière... Les résultats de la première phase du suivi ont été publiés par Bérubé et Lambert (1997). Le présent rapport intègre les nouvelles données des années 1996 et 1997 aux résultats de 1986-1995. Ce type de suivi effectué sur plusieurs années nous fournit des données importantes sur la biologie des espèces qui fréquentent régulièrement ou occasionnellement les côtes de l'estuaire et s'avère un outil précieux pour l'évaluation de l'état de l'environnement marin.»--Page 1. Préparé par la Direction Régionale des Sciences, Ministère des Pêches et des Océans, Institut Maurice-Lamontagne, C.P. 1000, 850, route de la Mer, Mont-Joli (Québec) G5H 3Z4. |
| 520 | 3 |aDepuis plusieurs années on remarque une baisse importante des captures de plusieurs espèces de poissons dans l'estuaire du Saint-Laurent... Ainsi, dans le cadre du programme d'évaluation de la qualité des habitats marins du plan d'action Saint-Laurent Vision 2000, le ministère des Pêches et des Océans a implanté un réseau de suivi ichtyologique le long des côtes de l'estuaire du Saint-Laurent afin de caractériser l'évolution temporelle de la ressource ichtyenne en milieu côtière... Les résultats de la première phase du suivi ont été publiés par Bérubé et Lambert (1997). Le présent rapport intègre les nouvelles données des années 1996 et 1997 aux résultats de 1986-1995. Ce type de suivi effectué sur plusieurs années nous fournit des données importantes sur la biologie des espèces qui fréquentent régulièrement ou occasionnellement les côtes de l'estuaire et s'avère un outil précieux pour l'évaluation de l'état de l'environnement marin.--Page 1 |
| 546 | |aAbstracts in English |
| 590 | |a99-41|b1999-10-15 |
| 720 | 1 |aBérubé, S. |
| 720 | 1 |aLambert, J.-D. |
| 776 | 0#|tCommunautés ichtyennes côtières de l'estuaire du Saint-Laurent en 1996 et 1997 : |w(CaOODSP)9.604036 |
| 830 | #0|aRapport technique canadien des sciences halieutiques et aquatiques ;|v2281|w(CaOODSP)9.513051 |